000 00305nam a22001337a 4500
008 170926b xxu||||| |||| 00| 0 eng d
020 _a9780803952492
041 _aeng
080 _22ND
_a37
100 _a46
101 _aEDU
245 _aDESIGNING QUALITATIVE RESEARCH
_cMARSHALL,C
942 _2udc
_cBK
999 _c29790
_d29790